00806nam a2200193 a 4500008004100000050001300041100002000054245010900074260004000183300001500223350000900238490004600247650001400293650004500307700002100352995009900373999001700472952012300489060707s2005 ||||||||||||||||| || u aIBRD(08) aToth, Krisztina10aFiscal federation in Switzerland: revelant issues for transition economies in central and eastern europe aWashington, D. C.bWorld Bankc2005 a73p.: ill. a0.00 aWorld Bank policy research working papers 0aECONOMICS aFISCAL FEDERATION--RESEARCH--SWITZERLAND aDafflon, Bernard D0.00FCBU-MAIN LIBRARY (Kitwe)H1I0.00M1UAVAILABLEWJul 7, 2006ZInternational Publications c43583d43583 00102lcc4070a001b001cInternational Publicationsd2022-11-30l0oIBRD(08)pZ03000635r2022-11-30w2022-11-30y002